<?xml version="1.0" encoding="UTF-8"?>
<collection xmlns:xsi="http://www.w3.org/2001/XMLSchema-instance" xsi:schemaLocation="http://www.loc.gov/MARC21/slim http://www.loc.gov/standards/marcxml/schema/MARC21slim.xsd" xmlns="http://www.loc.gov/MARC21/slim">
 <record>
  <leader>00000cmm a22000005i 4500</leader>
  <controlfield tag="001">UP-99796217611037550</controlfield>
  <controlfield tag="003">Buklod</controlfield>
  <controlfield tag="005">20250117131527.0</controlfield>
  <controlfield tag="006">m    go  j        </controlfield>
  <controlfield tag="007">cr cn |||aaaaa</controlfield>
  <controlfield tag="008">250117s2011    gw ||||go||j| ||||||engdd</controlfield>
  <datafield tag="020" ind1=" " ind2=" ">
   <subfield code="a">9783642195198 (eBook)</subfield>
  </datafield>
  <datafield tag="035" ind1=" " ind2=" ">
   <subfield code="a">(iLib)UPD-00209103664</subfield>
  </datafield>
  <datafield tag="040" ind1=" " ind2=" ">
   <subfield code="a">CSt</subfield>
   <subfield code="d">DML</subfield>
   <subfield code="e">rda</subfield>
  </datafield>
  <datafield tag="041" ind1=" " ind2=" ">
   <subfield code="a">eng</subfield>
  </datafield>
  <datafield tag="042" ind1=" " ind2=" ">
   <subfield code="a">DMLUC</subfield>
  </datafield>
  <datafield tag="084" ind1=" " ind2=" ">
   <subfield code="a">HB 171</subfield>
   <subfield code="b">P65 2011eb</subfield>
  </datafield>
  <datafield tag="245" ind1="1" ind2="0">
   <subfield code="a">Political economy of institutions, democracy and voting</subfield>
   <subfield code="c">edited by Norman Schofield, Gonzalo Caballero.</subfield>
  </datafield>
  <datafield tag="264" ind1=" " ind2="1">
   <subfield code="a">Berlin</subfield>
   <subfield code="a">Heidelberg</subfield>
   <subfield code="a">New York</subfield>
   <subfield code="b">Springer</subfield>
   <subfield code="c">2011</subfield>
  </datafield>
  <datafield tag="300" ind1=" " ind2=" ">
   <subfield code="a">online resource (ix, 425 pages)</subfield>
  </datafield>
  <datafield tag="336" ind1=" " ind2=" ">
   <subfield code="a">text</subfield>
   <subfield code="2">rdacontent</subfield>
  </datafield>
  <datafield tag="337" ind1=" " ind2=" ">
   <subfield code="a">computer</subfield>
   <subfield code="2">rdamedia</subfield>
  </datafield>
  <datafield tag="338" ind1=" " ind2=" ">
   <subfield code="a">online resource</subfield>
   <subfield code="2">rdacarrier</subfield>
  </datafield>
  <datafield tag="504" ind1=" " ind2=" ">
   <subfield code="a">Includes bibliographical references</subfield>
  </datafield>
  <datafield tag="505" ind1="0" ind2=" ">
   <subfield code="a">Part I: Institutions</subfield>
   <subfield code="t">Institutions: rules or equilibria? </subfield>
   <subfield code="r">Avner Greif and Christopher Kingston</subfield>
   <subfield code="t">War, wealth and the formation of states</subfield>
   <subfield code="r">Carles Boix, Bruno Codenotti, and Giovanni Resta</subfield>
   <subfield code="t">Why do weak states prefer prohibition to taxation?</subfield>
   <subfield code="r">Desiree A. Disierto and John V.C. Nye</subfield>
   <subfield code="t">Self-enforcing, public-order institutions for contract enforcement: litigation, regulation, and limited government in Venice, 1050-1350</subfield>
   <subfield code="r">Yadira Gonzalez de Lara</subfield>
   <subfield code="t">Judicial stability during regime change: apex courts in India 1937-1960</subfield>
   <subfield code="r">Alfred W. Darnell and Sunita Parikh</subfield>
   <subfield code="t">Institutional arrangements matter for both efficiency and distribution: contributions and challenges of the new institutional economics</subfield>
   <subfield code="r">Fernando Toboso</subfield>
   <subfield code="t">Institutional foundations, committee, system and amateur legislators in the governance of the Spanish Congress: An institutional comparative perspective (USA, Argentina, Spain)</subfield>
   <subfield code="r">Gonzalo Caballero</subfield>
   <subfield code="t">Coalition governments and electoral behavior: who is accountable?</subfield>
   <subfield code="r">Ignacio Urquizu-Sancho</subfield>
  </datafield>
  <datafield tag="505" ind1="0" ind2="0">
   <subfield code="a">PART II: Democracy and voting</subfield>
   <subfield code="t">Empirical and formal models of the United States presidential elections in 2000 and 2004</subfield>
   <subfield code="r">Normal Schofield, Christopher Claassen, Maria Gallego, and Ugur Ozdemir</subfield>
   <subfield code="t">Modelling elections in post-communist regimes: voter perceptions, political leaders and activists</subfield>
   <subfield code="r">Norman Schofield, JeeSeon Jeon, Marina Muskhelishvili, Ugur Ozdemir, and Margit Tavits</subfield>
   <subfield code="t">Electoral institutions and political corruption: ballot structure, electoral formula, and graft</subfield>
   <subfield code="r">Daniel Max Kselman</subfield>
   <subfield code="t">A model of party entry in parliamentary systems with proportional representation</subfield>
   <subfield code="r">Daniel M. Kselman and Joshua A. Tucker</subfield>
   <subfield code="t">Moving in time: legislative party switching as time-contingent choice</subfield>
   <subfield code="r">Carol Mershon and Olga Shvetsova</subfield>
   <subfield code="t">On the distribution of particularistic goods</subfield>
   <subfield code="r">Jon X. Eguia and Antonio Nicolo</subfield>
   <subfield code="t">Vote revelation: empirical content of scoring rules</subfield>
   <subfield code="r">Andrei Gomberg</subfield>
  </datafield>
  <datafield tag="520" ind1=" " ind2=" ">
   <subfield code="a">This book presents the latest research  in the field of Political Economy, dealing with the integration of economics and politics and the way institutions affect social decisions. The authors are eminent scholars from the U.S., Canada, Britain, Spain, Italy, Mexico and the Philippines. Many of them have been influenced by Nobel laureate Douglass North, who pioneered the new institutional social sciences, or by William H. Riker who contributed to the field of positive political theory. The book focuses on topics such as: case studies in institutional analysis; research on war and the formation of states; the analysis of corruption; new techniques for analyzing elections, involving game theory and empirical methods; comparing elections under plurality and proportional rule, and in developed and new democracies.</subfield>
   <subfield code="c">--Provided by publisher</subfield>
  </datafield>
  <datafield tag="533" ind1=" " ind2=" ">
   <subfield code="a">Electronic reproduction</subfield>
   <subfield code="b">New York</subfield>
   <subfield code="c">Springerlink</subfield>
   <subfield code="d">c2011</subfield>
   <subfield code="n">Available via World Wide Web through SpringerLink</subfield>
  </datafield>
  <datafield tag="650" ind1=" " ind2="0">
   <subfield code="a">Political science.</subfield>
  </datafield>
  <datafield tag="650" ind1=" " ind2="0">
   <subfield code="a">Economics.</subfield>
  </datafield>
  <datafield tag="700" ind1="1" ind2=" ">
   <subfield code="a">Schofield, Norman</subfield>
   <subfield code="d">1944-</subfield>
   <subfield code="e">editor.</subfield>
  </datafield>
  <datafield tag="700" ind1="1" ind2=" ">
   <subfield code="a">Caballero, Gonzalo</subfield>
   <subfield code="e">editor.</subfield>
  </datafield>
  <datafield tag="710" ind1="2" ind2=" ">
   <subfield code="a">SpringerLink (Online Service).</subfield>
  </datafield>
  <datafield tag="856" ind1="4" ind2="0">
   <subfield code="u">https://link.springer.com/book/10.1007/978-3-642-19519-8</subfield>
   <subfield code="y">Available for the University of the Philippines Diliman via SpringerLink. Click here to access</subfield>
  </datafield>
  <datafield tag="905" ind1=" " ind2=" ">
   <subfield code="a">FO</subfield>
  </datafield>
  <datafield tag="852" ind1="0" ind2=" ">
   <subfield code="a">UPD</subfield>
   <subfield code="b">DMLR</subfield>
  </datafield>
  <datafield tag="942" ind1=" " ind2=" ">
   <subfield code="a">Electronic Resource</subfield>
  </datafield>
 </record>
</collection>
